De l'influence de la chanson sur le vers au XIXe siècle (notice n° 1604103)

détails MARC
000 -LEADER
fixed length control field 02005cam a2200169 4500500
005 - DATE AND TIME OF LATEST TRANSACTION
control field 20251228093200.0
041 ## - LANGUAGE CODE
Language code of text/sound track or separate title fre
042 ## - AUTHENTICATION CODE
Authentication code dc
100 10 - MAIN ENTRY--PERSONAL NAME
Personal name Buffard-Moret, Brigitte
Relator term author
245 00 - TITLE STATEMENT
Title <br/> <br/> De l'influence de la chanson sur le vers au XIXe siècle<br/>
260 ## - PUBLICATION, DISTRIBUTION, ETC.
Date of publication, distribution, etc. 2008.<br/>
500 ## - GENERAL NOTE
General note 88
520 ## - SUMMARY, ETC.
Summary, etc. L’époque romantique marque le début d’une extraordinaire période de transformation de la versification, parce que les règles draconiennes en vigueur depuis Malherbe sont à présent ressenties comme un carcan pesant. C’est aussi une période où les poètes se tournent vers le passé, littéraire et populaire, d’où ils exhument des formes oubliées ou méprisées, qu’ils remettent à la mode. L’attrait que tous éprouvent notamment pour la chanson a pour conséquence d’introduire dans la grande poésie des formes qui jusqu’alors étaient réservées à la chanson populaire et à la poésie de circonstance : la chanson poétique, terrain d’innovation formelle, n’a pas peu contribué à la renommée des poètes du XIXe siècle.
520 ## - SUMMARY, ETC.
Summary, etc. The romantic period marks the beginning of an extraordinary period of alterations to the versification, because the drastic rules, in force since Malherbe, are now felt as heavy regulations. Also, it is a period when poets turn towards a literary and popular past, from where they can unearth the forgotten and despised forms that they help to come back into fashion. The fascination that all of them, mainly, experience for the song has, consequently, the launching into the Great poetry of new forms which were, till then, reserved to popular songs and to the appropriate poetry : the poetic song, a brand new ground for a formal innovation, has hugely contributed in the fame of the poets of the 19th century.
786 0# - DATA SOURCE ENTRY
Note Romantisme | 140 | 2 | 2008-06-01 | p. 21-35 | 0048-8593
856 41 - ELECTRONIC LOCATION AND ACCESS
Uniform Resource Identifier <a href="https://shs.cairn.info/revue-romantisme-2008-2-page-21?lang=fr&redirect-ssocas=7080">https://shs.cairn.info/revue-romantisme-2008-2-page-21?lang=fr&redirect-ssocas=7080</a>

Pas d'exemplaire disponible.

PLUDOC

PLUDOC est la plateforme unique et centralisée de gestion des bibliothèques physiques et numériques de Guinée administré par le CEDUST. Elle est la plus grande base de données de ressources documentaires pour les Étudiants, Enseignants chercheurs et Chercheurs de Guinée.

Adresse

627 919 101/664 919 101

25 boulevard du commerce
Kaloum, Conakry, Guinée

Réseaux sociaux

Powered by Netsen Group @ 2025